[Event "Hessen 1-Berlin 2"]
[Site "Gladenbach"]
[Date "2011.09.11"]
[Round "1.1"]
[White "Welz, Peter"]
[Black "Haakert, Jürgen"]
[Result "1/2-1/2"]
[WhiteElo "2036"]
[BlackElo "2319"]
[PlyCount "73"]
[EventDate "2011.??.??"]
[WhiteTeam "Berlin 2"]
[BlackTeam "Hessen 1"]

1. e4 Nf6 2. e5 Nd5 3. d4 d6 4. c4 Nb6 5. f4 g6 6. Nf3 Bg7 7. h3 O-O 8. Bd3
dxe5 9. fxe5 c5 10. d5 e6 11. Bg5 f6 12. exf6 Bxf6 13. Bxf6 Qxf6 14. Nc3 exd5
15. cxd5 Re8+ 16. Kf2 Bf5 17. Rf1 Bxd3 18. Qxd3 Na6 19. Rae1 c4 20. Qd4 Qxd4+
21. Nxd4 Nb4 22. Kg3 N6xd5 23. Nxd5 Nxd5 24. Rxe8+ Rxe8 25. Nb5 Ne3 26. Rc1
Nf5+ 27. Kf4 a6 28. Nc7 Re2 29. g4 Ne7 30. Rxc4 Rxb2 31. Kg5 Rf2 32. a4 Rf3 33.
Rb4 Kg7 34. Ne6+ Kf7 35. Nd8+ Kg7 36. Ne6+ Kf7 37. Nd8+ 1/2-1/2

[Event "Hessen 1-Berlin 2"]
[Site "Gladenbach"]
[Date "2011.09.11"]
[Round "1.2"]
[White "Haubt, Georg"]
[Black "Burger, Heinrich"]
[Result "1-0"]
[WhiteElo "2147"]
[BlackElo "2014"]
[PlyCount "81"]
[EventDate "2011.??.??"]
[WhiteTeam "Hessen 1"]
[BlackTeam "Berlin 2"]

1. e4 c5 2. Nf3 Nc6 3. Bb5 e6 4. O-O Nge7 5. Re1 a6 6. Bf1 d5 7. exd5 Nxd5 8.
d4 cxd4 9. Nxd4 Be7 10. Nxc6 bxc6 11. c4 Nf6 12. Qf3 Bb7 13. Nc3 O-O 14. Bf4
Qa5 15. Re5 Qd8 16. Rd1 Qc8 17. Qh3 c5 18. Bd3 g6 19. Re3 Rd8 20. Bg5 Qc7 21.
Rde1 Nh5 22. Bxe7 Qxe7 23. Be4 Rd4 24. Qf3 Bxe4 25. Rxe4 Rad8 26. b3 Rd3 27.
R4e3 Rxe3 28. Qxe3 Rd4 29. Ne4 e5 30. g3 f5 31. Nc3 e4 32. Nd5 Qe5 33. Qg5 Kg7
34. Qd8 Kh6 35. Qf8+ Ng7 36. Qxc5 Ne6 37. Qe7 Rd2 38. Qh4+ Kg7 39. Qe7+ Kh6 40.
Nf6 Ng5 41. Qf8# 1-0

[Event "Hessen 1-Berlin 2"]
[Site "Gladenbach"]
[Date "2011.09.11"]
[Round "1.3"]
[White "Krug, Peter"]
[Black "Isserman, Ryhor"]
[Result "0-1"]
[WhiteElo "2056"]
[BlackElo "2251"]
[PlyCount "70"]
[EventDate "2011.??.??"]
[WhiteTeam "Berlin 2"]
[BlackTeam "Hessen 1"]

1. e4 c5 2. Nf3 Nc6 3. d4 cxd4 4. Nxd4 Nf6 5. Nc3 d6 6. Be2 e5 7. Nb3 Be7 8.
O-O O-O 9. Be3 Be6 10. f4 a5 11. f5 Bd7 12. a4 Nb4 13. Bf3 d5 14. Nxd5 Nfxd5
15. exd5 Bxf5 16. Rf2 e4 17. Bg4 Bxg4 18. Qxg4 f5 19. Qh3 Qxd5 20. Raf1 Nxc2
21. Rxc2 Qxb3 22. Rc3 Qxa4 23. g4 Bf6 24. Rc7 Be5 25. Rc5 fxg4 26. Rxf8+ Rxf8
27. Qxg4 Bxb2 28. Kg2 Qe8 29. Rxa5 Qf7 30. Qxe4 Bc3 31. Rg5 Qf1+ 32. Kg3 Be1+
33. Kg4 Qe2+ 34. Kh3 Qf3+ 35. Qxf3 Rxf3+ 0-1

[Event "Hessen 1-Berlin 2"]
[Site "Gladenbach"]
[Date "2011.09.11"]
[Round "1.4"]
[White "Niebling, Ferdinand"]
[Black "Badestein, Hartmut"]
[Result "1-0"]
[WhiteElo "2009"]
[BlackElo "1988"]
[PlyCount "51"]
[EventDate "2011.??.??"]
[WhiteTeam "Hessen 1"]
[BlackTeam "Berlin 2"]

1. d4 Nf6 2. c4 d6 3. Nf3 Nbd7 4. Nc3 e5 5. g3 Be7 6. Bg2 O-O 7. O-O c6 8. e4
a6 9. a4 a5 10. h3 Re8 11. Be3 Bf8 12. Qc2 g6 13. Rad1 Bg7 14. Rfe1 Qe7 15. Re2
Nf8 16. c5 dxc5 17. dxe5 N6d7 18. Bg5 f6 19. exf6 Bxf6 20. Bxf6 Qxf6 21. Qb3+
Kg7 22. e5 Nxe5 23. Nxe5 Rxe5 24. Ne4 Rxe4 25. Rxe4 Ne6 26. Rd6 1-0

[Event "Baden 2-NRW 1"]
[Site "Gladenbach"]
[Date "2011.09.11"]
[Round "1.1"]
[White "Khanukov, Boris"]
[Black "Villing, Dieter"]
[Result "1-0"]
[WhiteElo "2222"]
[BlackElo "2056"]
[PlyCount "63"]
[EventDate "2011.??.??"]
[WhiteTeam "NRW 1"]
[BlackTeam "Baden 2"]

1. d4 d6 2. Nf3 Bg4 3. e3 Nd7 4. h3 Bh5 5. c4 e5 6. Be2 e4 7. Nfd2 Bxe2 8. Qxe2
f5 9. g4 Qh4 10. gxf5 Ndf6 11. Nc3 c6 12. Nf1 Nh6 13. Ng3 Be7 14. Bd2 O-O 15.
O-O-O a6 16. Rdg1 b5 17. f3 exf3 18. Qxf3 b4 19. Nce2 d5 20. cxd5 cxd5 21. Nf4
Rac8+ 22. Kb1 Ne4 23. Nxe4 dxe4 24. Qxe4 Nxf5 25. Rg4 Qh6 26. Rhg1 Rf7 27. Qd3
Qd6 28. Rc1 Rxc1+ 29. Bxc1 Bf6 30. Rg2 Qc7 31. Rc2 Qe7 32. Qxa6 1-0

[Event "Baden 2-NRW 1"]
[Site "Gladenbach"]
[Date "2011.09.11"]
[Round "1.2"]
[White "Striebich, Rudolf"]
[Black "Rotstein, Jefim"]
[Result "1/2-1/2"]
[WhiteElo "2036"]
[BlackElo "2263"]
[PlyCount "57"]
[EventDate "2011.??.??"]
[WhiteTeam "Baden 2"]
[BlackTeam "NRW 1"]

1. e4 c5 2. Nf3 d6 3. d4 cxd4 4. Nxd4 Nf6 5. Nc3 a6 6. Bg5 Nc6 7. Nb3 e6 8. Qd2
h6 9. Bf4 g5 10. Be3 Ng4 11. O-O-O Nxe3 12. Qxe3 Bd7 13. Kb1 Rc8 14. h4 gxh4
15. f4 Rg8 16. Qf2 Be7 17. Be2 Qc7 18. Bh5 b5 19. f5 Ne5 20. fxe6 Bxe6 21. Nd5
Bxd5 22. Rxd5 Bg5 23. Nd4 Nd3 24. Qf5 Rg7 25. Rf1 Nb4 26. Rxd6 Qxd6 27. Qxc8+
Qd8 28. Qe6+ Qe7 29. Qc8+ 1/2-1/2

[Event "Baden 2-NRW 1"]
[Site "Gladenbach"]
[Date "2011.09.11"]
[Round "1.3"]
[White "Rosen, Willy"]
[Black "Sandmeier, Toni"]
[Result "0-1"]
[WhiteElo "2222"]
[BlackElo "2135"]
[PlyCount "80"]
[EventDate "2011.??.??"]
[WhiteTeam "NRW 1"]
[BlackTeam "Baden 2"]

1. e4 Nf6 2. e5 Nd5 3. d4 d6 4. c4 Nb6 5. exd6 cxd6 6. Nc3 g6 7. Be3 Bg7 8. Rc1
O-O 9. h3 Nc6 10. Nf3 Bf5 11. b3 e5 12. d5 Ne7 13. Be2 h6 14. g4 Bd7 15. Qd2
Kh7 16. Nh2 f5 17. f3 Ng8 18. O-O Qh4 19. Kg2 Rae8 20. Bf2 Qe7 21. Bd3 Nc8 22.
Rfe1 Qf7 23. Bg3 a6 24. Rf1 Nce7 25. h4 Kh8 26. Bb1 Nf6 27. Rce1 Nh7 28. f4 e4
29. g5 h5 30. Bf2 Rc8 31. Bd4 b5 32. cxb5 axb5 33. b4 Rc4 34. Bxg7+ Qxg7 35.
Ne2 Qf7 36. Rd1 Ra8 37. Rh1 e3 38. Qd3 Nxd5 39. Nf3 Bc6 40. Nfd4 Nxf4+ 0-1

[Event "Baden 2-NRW 1"]
[Site "Gladenbach"]
[Date "2011.09.11"]
[Round "1.4"]
[White "Funk, Paul"]
[Black "Schippan, Bernhard"]
[Result "0-1"]
[WhiteElo "1940"]
[BlackElo "2212"]
[PlyCount "70"]
[EventDate "2011.??.??"]
[WhiteTeam "Baden 2"]
[BlackTeam "NRW 1"]

1. d4 Nf6 2. Nf3 g6 3. c4 Bg7 4. Nc3 O-O 5. e4 d6 6. h3 e5 7. dxe5 dxe5 8. Qxd8
Rxd8 9. Bg5 Re8 10. Be2 c6 11. O-O-O h6 12. Be3 Nbd7 13. Rhe1 Bf8 14. Nd2 Nc5
15. Kc2 a5 16. b3 Kg7 17. Ra1 Bd7 18. Reb1 Be6 19. Rf1 Nfd7 20. f4 exf4 21.
Bxf4 f6 22. g4 Bf7 23. h4 Ne6 24. Be3 Bc5 25. Bxc5 Ndxc5 26. Rf2 Nd4+ 27. Kb2
Be6 28. Rg1 Rad8 29. Nf1 Bc8 30. g5 fxg5 31. hxg5 h5 32. Rg3 Rf8 33. Rxf8 Rxf8
34. Nd2 Rf2 35. Re3 Bg4 0-1

[Event "Baden 1-Württemberg 2"]
[Site "Gladenbach"]
[Date "2011.09.11"]
[Round "1.1"]
[White "Hottes, Dieter"]
[Black "Nekrasov, Michail"]
[Result "0-1"]
[WhiteElo "2035"]
[BlackElo "2280"]
[PlyCount "41"]
[EventDate "2011.??.??"]
[WhiteTeam "Württemberg 2"]
[BlackTeam "Baden 1"]

1. c4 e6 2. Nf3 d5 3. e3 Nf6 4. b3 c5 5. Bb2 Nc6 6. Be2 d4 7. exd4 cxd4 8. d3
e5 9. O-O Be7 10. Na3 O-O 11. Nc2 a5 12. a3 Re8 13. Rb1 Rb8 14. a4 Nd7 15. Na3
Nc5 16. Nb5 Bf5 17. Re1 Bf6 18. Ba3 b6 19. Bf1 e4 20. dxe4 Bxe4 21. Rc1 {Rest
der Partie nicht zu rekonstruieren} 0-1

[Event "Baden 1-Württemberg 2"]
[Site "Gladenbach"]
[Date "2011.09.11"]
[Round "1.2"]
[White "Schulze, Ulrich"]
[Black "Häcker, Johannes"]
[Result "1-0"]
[WhiteElo "2210"]
[BlackElo "2074"]
[PlyCount "101"]
[EventDate "2011.??.??"]
[WhiteTeam "Baden 1"]
[BlackTeam "Württemberg 2"]

1. d4 Nf6 2. Nf3 e6 3. c4 d5 4. g3 c6 5. Bg2 Nbd7 6. Qc2 Bb4+ 7. Nbd2 O-O 8.
O-O Re8 9. b3 b6 10. Bb2 Bb7 11. Rfd1 h6 12. Rac1 Rc8 13. e4 Be7 14. e5 Nh7 15.
cxd5 cxd5 16. Qd3 Rxc1 17. Rxc1 Qb8 18. Ne1 Rc8 19. Rd1 Rc7 20. f4 Qc8 21. a3
a5 22. f5 Ndf8 23. fxe6 fxe6 24. h4 Ba6 25. Qf3 Qe8 26. Rc1 Rxc1 27. Bxc1 Qc6
28. Bb2 Nd7 29. Qd1 Nhf8 30. Nf1 b5 31. Ne3 Nb6 32. Nd3 a4 33. b4 Nc4 34. Nxc4
Qxc4 35. Bf1 Qc6 36. Nc5 Bxc5 37. bxc5 Bc8 38. Bd3 Bd7 39. Qe2 Qb7 40. Bc3 Bc6
41. Bd2 Qd7 42. Kf2 Qe8 43. Ke1 Qd7 44. Kd1 Qe8 45. Kc2 Qd7 46. Kc3 Qb7 47. Kb4
Kf7 48. h5 Nd7 49. Qf3+ Ke8 50. Bg6+ Kd8 51. Qf7 1-0

[Event "Baden 1-Württemberg 2"]
[Site "Gladenbach"]
[Date "2011.09.11"]
[Round "1.3"]
[White "Franck, Rudolf"]
[Black "Biebinger, Gerhard"]
[Result "1/2-1/2"]
[WhiteElo "2084"]
[BlackElo "2195"]
[PlyCount "66"]
[EventDate "2011.??.??"]
[WhiteTeam "Württemberg 2"]
[BlackTeam "Baden 1"]

1. d4 Nf6 2. c4 c5 3. d5 e5 4. Nc3 d6 5. e4 Nbd7 6. Nge2 a6 7. Ng3 h5 8. Be2 h4
9. Nf5 g6 10. Ne3 Nh5 11. g3 Ng7 12. Qa4 Be7 13. Bd2 hxg3 14. fxg3 Kf8 15.
O-O-O Nf6 16. Rdf1 Bd7 17. Qb3 Rb8 18. a4 Bh3 19. Rf2 Nge8 20. Bf1 Bd7 21. Be2
Rh7 22. g4 Ng8 23. Rhf1 Bh4 24. Rf3 Bg5 25. h3 f6 26. Kc2 Bf4 27. Be1 Ne7 28.
Bd3 b6 29. Bf2 Rg7 30. Rc1 Bc8 31. Bf1 Rh7 32. Qa3 Qc7 33. b3 Bd7 1/2-1/2

[Event "Baden 1-Württemberg 2"]
[Site "Gladenbach"]
[Date "2011.09.11"]
[Round "1.4"]
[White "Gierth, Hans-Joachim"]
[Black "Hoeschele, Hans-Ulrich"]
[Result "1-0"]
[WhiteElo "2226"]
[BlackElo "2003"]
[PlyCount "70"]
[EventDate "2011.??.??"]
[WhiteTeam "Baden 1"]
[BlackTeam "Württemberg 2"]

1. d4 d5 2. Bf4 e6 3. e3 Bd6 4. Bg3 Ne7 5. Bd3 b6 6. c3 Nd7 7. Nf3 Nf6 8. Ne5
Bb7 9. Nd2 c6 10. O-O Qc7 11. f4 Ng6 12. h4 O-O 13. h5 Nh8 14. Bh4 Ne8 15. Qc2
f5 16. g4 Bc8 17. gxf5 exf5 18. Ndf3 c5 19. Qg2 Nf6 20. h6 Ne4 21. Kh2 Be6 22.
hxg7 Qxg7 23. Rg1 Bxe5 24. Nxe5 Rf7 25. Nxf7 Qxg2+ 26. Rxg2+ Kxf7 27. Rh1 Ng6
28. Bg5 Rh8 29. Kg1 Kg7 30. Bxe4 dxe4 31. dxc5 bxc5 32. Be7 Rc8 33. Bd6 Bg8 34.
Rd2 Bxa2 35. Kf2 Bc4 {ZÜ von Schwarz} 1-0

[Event "Schleswig Holstein 1-Berlin 1"]
[Site "Gladenbach"]
[Date "2011.09.11"]
[Round "1.1"]
[White "Postler, Reinhard"]
[Black "Salov, Sergej"]
[Result "1/2-1/2"]
[WhiteElo "2308"]
[BlackElo "2221"]
[PlyCount "69"]
[EventDate "2011.??.??"]
[WhiteTeam "Berlin 1"]
[BlackTeam "Schleswig Holstein 1"]

1. e4 c5 2. Nf3 e6 3. d4 cxd4 4. Nxd4 a6 5. Nc3 Qc7 6. Be3 Nf6 7. Be2 Nc6 8.
O-O Bb4 9. Nxc6 bxc6 10. f4 d5 11. Bd4 Be7 12. Bd3 dxe4 13. Nxe4 c5 14. Nxf6+
gxf6 15. Be4 Bb7 16. Bxb7 Qxb7 17. Bc3 Rg8 18. Qe2 h5 19. f5 e5 20. Rad1 Rd8
21. Rxd8+ Kxd8 22. Rd1+ Ke8 23. g3 Rg5 24. Rf1 Qc8 25. Qf3 c4 26. Kg2 Bc5 27.
Qd5 Be7 28. Bd2 Rxf5 29. Rxf5 Qxf5 30. Qxc4 e4 31. Bf4 h4 32. h3 hxg3 33. Kxg3
Qg6+ 34. Kf2 Qf5 35. Kg3 1/2-1/2

[Event "Schleswig Holstein 1-Berlin 1"]
[Site "Gladenbach"]
[Date "2011.09.11"]
[Round "1.2"]
[White "Neumann, Joachim"]
[Black "Rahls, Peter"]
[Result "1/2-1/2"]
[WhiteElo "2040"]
[BlackElo "2132"]
[PlyCount "99"]
[EventDate "2011.??.??"]
[WhiteTeam "Schleswig Holstein 1"]
[BlackTeam "Berlin 1"]

1. d4 c5 2. d5 e5 3. c4 d6 4. Nc3 Be7 5. Nf3 Nf6 6. g3 a6 7. Bg2 Nbd7 8. a4 O-O
9. O-O Re8 10. e4 Nf8 11. Ne1 h6 12. Nd3 N6h7 13. Be3 Ng6 14. a5 Bg5 15. Qd2
Bxe3 16. Qxe3 Bd7 17. Na4 Ng5 18. Nb6 Rb8 19. Nxd7 Qxd7 20. h4 Nh7 21. Kh2 Nf6
22. Bh3 Ng4+ 23. Bxg4 Qxg4 24. f3 Qd7 25. Rfb1 f5 26. exf5 Qxf5 27. Qe4 Ne7 28.
b4 cxb4 29. Rxb4 Rf8 30. Qxf5 Nxf5 31. Rab1 Nd4 32. f4 e4 33. Ne1 Rfc8 34. R1b2
Rc5 35. Rd2 Nf5 36. Re2 e3 37. Nc2 Rxa5 38. g4 Nxh4 39. Kg3 Ng6 40. Rxe3 Rc5
41. Re6 Nf8 42. Rxd6 b5 43. Rxa6 Rxc4 44. Rxc4 bxc4 45. Rc6 Rb3+ 46. Kf2 Rd3
47. Rxc4 Rxd5 48. Ne3 Rd7 49. Rc6 Kf7 50. Nc4 1/2-1/2

[Event "Schleswig Holstein 1-Berlin 1"]
[Site "Gladenbach"]
[Date "2011.09.11"]
[Round "1.3"]
[White "Thormann, Wolfgang"]
[Black "Seeck, Klaus"]
[Result "1-0"]
[WhiteElo "2203"]
[BlackElo "1916"]
[PlyCount "115"]
[EventDate "2011.??.??"]
[WhiteTeam "Berlin 1"]
[BlackTeam "Schleswig Holstein 1"]

1. Nf3 Nf6 2. d4 e6 3. Bg5 Be7 4. Nbd2 b6 5. e3 Bb7 6. Bd3 h6 7. Bh4 d5 8. Ne5
O-O 9. c3 Nbd7 10. f4 Nxe5 11. fxe5 Ne4 12. Bxe7 Qxe7 13. Bxe4 dxe4 14. O-O Qg5
15. Qe2 f5 16. exf6 Rxf6 17. Rxf6 gxf6 18. Rf1 f5 19. Rf4 Kh7 20. Qf2 Rg8 21.
Nc4 Bd5 22. Ne5 Bxa2 23. g4 Bb3 24. h4 Qe7 25. Kh2 c5 26. gxf5 exf5 27. c4 Rg7
28. Rxf5 cxd4 29. Qf4 Qb4 30. exd4 Qe1 31. Qf2 Qc1 32. Rf6 Qc2 33. Qxc2 Bxc2
34. Rf2 Bd1 35. Rf1 Bc2 36. Rc1 Bb3 37. Re1 Bc2 38. d5 Re7 39. d6 Re6 40. Re2
Ba4 41. b3 Rxe5 42. bxa4 Re8 43. Kg3 Rd8 44. Rd2 e3 45. Rd5 e2 46. Kf2 Re8 47.
Ke1 Rd8 48. Kxe2 Kg6 49. Kf3 Kf6 50. Kg4 Rd7 51. Kh5 Kg7 52. a5 Kh7 53. a6 Kg7
54. Rd3 Kh7 55. Re3 Rxd6 56. Re7+ Kg8 57. Rxa7 Rc6 58. Rb7 1-0

[Event "Schleswig Holstein 1-Berlin 1"]
[Site "Gladenbach"]
[Date "2011.09.11"]
[Round "1.4"]
[White "Gehrmann, Rudolf-Rainer"]
[Black "Brameyer, Hermann"]
[Result "0-1"]
[WhiteElo "1905"]
[BlackElo "2109"]
[PlyCount "116"]
[EventDate "2011.??.??"]
[WhiteTeam "Schleswig Holstein 1"]
[BlackTeam "Berlin 1"]

1. c4 f5 2. Nc3 Nf6 3. d4 e6 4. g3 d5 5. cxd5 exd5 6. Bg5 c6 7. Nf3 Bd6 8. e3
O-O 9. Bg2 Qe8 10. O-O Nbd7 11. Rb1 a5 12. a3 Ne4 13. Bf4 Nxc3 14. bxc3 Bxa3
15. Qb3 Be7 16. c4 a4 17. Qa2 dxc4 18. Qxc4+ Qf7 19. Qc2 Kh8 20. Ne5 Nxe5 21.
Bxe5 Qe6 22. Ra1 a3 23. Qc3 Bd6 24. Bxd6 Qxd6 25. Rfb1 a2 26. Rb2 Be6 27. d5
Bxd5 28. Bxd5 Qxd5 29. Rxb7 Rf6 30. Qb2 h6 31. Rxg7 Kxg7 32. Qb7+ Qf7 33. Qxa8
Rd6 34. Qxa2 Qxa2 35. Rxa2 Kf6 36. Kf1 c5 37. Ke2 Ke5 38. Rc2 Rc6 39. Kd3 Kd5
40. Rc4 Ra6 41. f3 Ra3+ 42. Rc3 c4+ 43. Kd2 Ra1 44. Rc1 Ra3 45. h3 Ra2+ 46. Rc2
Ra3 47. Ke2 Kc5 48. g4 fxg4 49. hxg4 Kb4 50. f4 Kb3 51. Kd2 Ra1 52. Rc3+ Kb4
53. Rc1 Ra2+ 54. Rc2 Ra1 55. Rb2+ Kc5 56. g5 hxg5 57. fxg5 Rg1 58. Ra2 Rg2+ 0-1

[Event "NRW 2-Hessen 3"]
[Site "Gladenbach"]
[Date "2011.09.11"]
[Round "1.1"]
[White "Orwatsch, Gerhard"]
[Black "Bakhmatov, Eduard"]
[Result "0-1"]
[WhiteElo "1991"]
[BlackElo "2189"]
[PlyCount "94"]
[EventDate "2011.??.??"]
[WhiteTeam "Hessen 3"]
[BlackTeam "NRW 2"]

1. d4 Nf6 2. Bf4 g6 3. e3 Bg7 4. Nd2 d6 5. h3 O-O 6. Bc4 Nbd7 7. Ngf3 b6 8. O-O
Bb7 9. c3 Qe8 10. a4 a6 11. Qc2 e5 12. Bh2 Qe7 13. dxe5 dxe5 14. Rfd1 Kh8 15.
Bg3 e4 16. Ne1 Ne5 17. Bf1 g5 18. Nc4 Ng6 19. Rd2 Nd5 20. Rad1 Rad8 21. Qb3 f5
22. Nc2 f4 23. Bh2 Nh4 24. Nb4 Qf7 25. Qc2 Nxb4 26. cxb4 Rxd2 27. Qxd2 Bc6 28.
b3 Ng6 29. Qc2 Bd5 30. Qe2 b5 31. axb5 axb5 32. Na3 c6 33. exf4 Nxf4 34. Qe3
Qf5 35. h4 Ne6 36. Nb1 gxh4 37. Be2 Bxb3 38. Rd7 Bd5 39. Rxg7 Kxg7 40. Nd2 Kg8
41. Bd6 Rd8 42. Be7 Ra8 43. Bxh4 Qf4 44. Qh3 Ra2 45. Bg4 Ra1+ 46. Nf1 Rxf1+ 47.
Kxf1 Qc1+ 0-1

[Event "NRW 2-Hessen 3"]
[Site "Gladenbach"]
[Date "2011.09.11"]
[Round "1.2"]
[White "Maslak, Sulejman"]
[Black "Schlag, Franz"]
[Result "1-0"]
[WhiteElo "2240"]
[BlackElo "1847"]
[PlyCount "88"]
[EventDate "2011.??.??"]
[WhiteTeam "NRW 2"]
[BlackTeam "Hessen 3"]

1. c4 c6 2. Nc3 Nf6 3. d4 d6 4. g3 g6 5. Bg2 Bg7 6. e3 O-O 7. Nge2 Bg4 8. h3
Bxe2 9. Nxe2 Nbd7 10. O-O Nb6 11. b3 Qc7 12. a4 a6 13. Bd2 Nbd7 14. b4 d5 15.
Rc1 dxc4 16. Rxc4 Nb6 17. Rc1 Qd7 18. e4 Rfe8 19. Be3 Nc8 20. f4 e6 21. g4 h6
22. Qb3 Ne7 23. Ng3 Rad8 24. Rcd1 Qc7 25. a5 Rd7 26. Bf3 Qb8 27. Kg2 Qc8 28.
Be2 Qd8 29. Bc4 Nc8 30. e5 Nd5 31. f5 Nxe3+ 32. Qxe3 Qg5 33. Qxg5 hxg5 34. fxe6
fxe6 35. Ne4 Rde7 36. Nxg5 Bh6 37. Nxe6 Kh7 38. g5 Rxe6 39. Bxe6 Rxe6 40. gxh6
Kxh6 41. Rf7 Ne7 42. Kg3 Nd5 43. Rxb7 Re8 44. Rc1 Rf8 1-0

[Event "NRW 2-Hessen 3"]
[Site "Gladenbach"]
[Date "2011.09.11"]
[Round "1.3"]
[White "Falk, Thomas"]
[Black "Bachmann, Karlheinz"]
[Result "1-0"]
[WhiteElo "1982"]
[BlackElo "2210"]
[PlyCount "85"]
[EventDate "2011.??.??"]
[WhiteTeam "Hessen 3"]
[BlackTeam "NRW 2"]

1. Nf3 c5 2. c4 g6 3. d4 cxd4 4. Nxd4 Bg7 5. e4 Nc6 6. Be3 Nf6 7. Nc3 Ng4 8.
Qxg4 Nxd4 9. Qd1 Ne6 10. Qd2 O-O 11. Rc1 d6 12. Be2 Nc5 13. f3 a5 14. O-O a4
15. Rc2 f5 16. Bd4 fxe4 17. fxe4 Rxf1+ 18. Bxf1 Bxd4+ 19. Qxd4 e5 20. Qe3 Be6
21. Rd2 Qe7 22. Nb5 Ra6 23. Nxd6 Rc6 24. Nb5 b6 25. Nc3 Rd6 26. Nd5 Bxd5 27.
exd5 Rf6 28. b4 axb3 29. axb3 Nd7 30. g3 Qa3 31. Rd1 Qb2 32. Bh3 Nc5 33. d6 Rf8
34. d7 Nb7 35. Bg2 Nd8 36. Re1 Rf5 37. Bd5+ Kg7 38. g4 Rf6 39. Qxe5 Qxe5 40.
Rxe5 Rd6 41. Re7+ Kf6 42. Rxh7 Ke5 43. Kg2 1-0

[Event "NRW 2-Hessen 3"]
[Site "Gladenbach"]
[Date "2011.09.11"]
[Round "1.4"]
[White "Bogorad, Michail"]
[Black "Frenzel, Ottomar"]
[Result "1/2-1/2"]
[WhiteElo "2026"]
[BlackElo "1657"]
[PlyCount "134"]
[EventDate "2011.??.??"]
[WhiteTeam "NRW 2"]
[BlackTeam "Hessen 3"]

1. e4 c5 2. Nf3 g6 3. d4 e6 4. Nc3 cxd4 5. Qxd4 Nf6 6. Bg5 Be7 7. e5 Nh5 8. Bh6
f6 9. Ne4 Nc6 10. Nd6+ Bxd6 11. Qxd6 Nxe5 12. Nxe5 Qa5+ 13. b4 Qxe5+ 14. Qxe5
fxe5 15. g4 Nf4 16. Bg7 Rg8 17. Bxe5 Rf8 18. Rd1 b6 19. Rd4 Bb7 20. Rg1 Nd5 21.
Bg2 b5 22. Bd6 Rf7 23. f4 a5 24. bxa5 Rxa5 25. a3 Ne3 26. Bxb7 Nxc2+ 27. Kd2
Nxd4 28. h4 Ra7 29. Be4 Ra6 30. Be5 Nb3+ 31. Kc2 Nc5 32. Bg2 d6 33. Bb2 Rxf4
34. Bf1 Rf2+ 35. Kb1 Ke7 36. g5 Ne4 37. Bxb5 Rb6 38. a4 Rxb5 39. axb5 Rf1+ 40.
Rxf1 Nd2+ 41. Kc2 Nxf1 42. Kd3 Ng3 43. Bd4 Kd7 44. Kc4 Kc7 45. Be3 Nf5 46. Bf2
Kb7 47. Kb4 Ne7 48. Kc4 Nd5 49. Bg3 Ne3+ 50. Kb4 e5 51. Bf2 Nf5 52. Kc4 Ne7 53.
Be1 Kb6 54. Bf2+ Kc7 55. Be1 d5+ 56. Kc5 d4 57. Bg3 d3 58. Bxe5+ Kb7 59. Bf4
Nf5 60. Kc4 Kb6 61. Kxd3 Kxb5 62. Ke4 Nxh4 63. Kd5 Ng2 64. Bc1 Ne1 65. Ke6 Nf3
66. Kf6 Kc5 67. Kg7 Nxg5 1/2-1/2

[Event "Sachsen Anhalt 2-Bayern 1"]
[Site "Gladenbach"]
[Date "2011.09.11"]
[Round "1.1"]
[White "Scheipl, Ralf"]
[Black "Hamm, Georg"]
[Result "1-0"]
[WhiteElo "2204"]
[BlackElo "2022"]
[PlyCount "77"]
[EventDate "2011.??.??"]
[WhiteTeam "Bayern 1"]
[BlackTeam "Sachsen Anhalt 2"]

1. e4 d6 2. d4 Nf6 3. Nc3 c6 4. f4 Qa5 5. Bd3 e5 6. Nf3 Bg4 7. dxe5 dxe5 8. O-O
Nbd7 9. Kh1 Be7 10. Qe1 Bxf3 11. Rxf3 O-O 12. f5 Rfd8 13. Rh3 Nf8 14. Bd2 Qc5
15. a3 b5 $11 16. Qe2 h6 17. Nd1 Qd6 18. Ba5 Rdc8 19. Ne3 Bd8 20. Bc3 a6 21.
Rd1 Qe7 22. Ng4 N8d7 23. Nxf6+ Nxf6 24. Bd2 Kf8 25. c4 Bb6 26. Rf1 Bd4 27. g4
Ng8 28. f6 Nxf6 29. g5 Ng8 30. gxh6 gxh6 31. Bxh6+ Ke8 32. Qg4 Nxh6 33. Rxh6
Qf8 34. Qh5 Qg7 35. Qh4 Rab8 36. Rh8+ Kd7 37. Rh7 Qg8 38. Rhxf7+ Kd6 39. Qe7#
1-0

[Event "Sachsen Anhalt 2-Bayern 1"]
[Site "Gladenbach"]
[Date "2011.09.11"]
[Round "1.2"]
[White "Liebscher, Helmar"]
[Black "Röder, Gerd"]
[Result "0-1"]
[WhiteElo "1990"]
[BlackElo "2095"]
[PlyCount "60"]
[EventDate "2011.??.??"]
[WhiteTeam "Sachsen Anhalt 2"]
[BlackTeam "Bayern 1"]

1. e4 c5 2. Nf3 Nc6 3. d4 cxd4 4. Nxd4 Nf6 5. Nc3 e5 6. Ndb5 d6 7. Bg5 a6 8.
Na3 Be7 9. Nc4 O-O 10. Bxf6 Bxf6 11. Qxd6 Qxd6 12. Nxd6 Be6 13. a4 Be7 14. Nc4
Bb4 15. Nb6 Rad8 16. Bd3 Na5 17. O-O Bxc3 18. bxc3 Rd6 19. Rfb1 Rfd8 20. g3 Kf8
21. f4 exf4 22. gxf4 Bh3 23. Ra3 Rg6+ 24. Kf2 Rgd6 25. Nd5 f5 26. Ne3 fxe4 27.
Bxe4 Rd2+ 28. Ke1 R8d6 29. Rd1 Rxd1+ 30. Nxd1 Re6 0-1

[Event "Sachsen Anhalt 2-Bayern 1"]
[Site "Gladenbach"]
[Date "2011.09.11"]
[Round "1.3"]
[White "Röder, Frank"]
[Black "Kirmas, Joachim"]
[Result "1-0"]
[WhiteElo "2104"]
[BlackElo "1957"]
[PlyCount "77"]
[EventDate "2011.??.??"]
[WhiteTeam "Bayern 1"]
[BlackTeam "Sachsen Anhalt 2"]

1. e4 e5 2. Nc3 Nf6 3. f4 d5 4. fxe5 Nxe4 5. Nf3 Be7 6. Qe2 Ng5 7. d4 c6 8.
Bxg5 Bxg5 9. Nxg5 Qxg5 10. Qd2 Qe7 11. O-O-O b5 12. Bd3 Na6 13. Rdf1 h6 14. Rf3
Nb4 15. Rg3 Nxd3+ 16. Qxd3 g6 17. Rf1 Bf5 18. Qe3 a5 19. Rgf3 Qg5 20. Qd2 Qxd2+
21. Kxd2 Ra7 22. h3 h5 23. Nd1 Re7 24. Ne3 Be6 25. Rf6 Kd7 26. R1f2 Rc8 27. c3
b4 28. cxb4 axb4 29. Nc2 Rb8 30. R2f3 Bf5 31. Rb3 Bxc2 32. Kxc2 Kc7 33. Rbf3
Rbe8 34. Rxf7 c5 35. Kd3 Kc6 36. Rxe7 Rxe7 37. Rf6+ Kb5 38. Rd6 Ra7 39. Rxd5
1-0

[Event "Sachsen Anhalt 2-Bayern 1"]
[Site "Gladenbach"]
[Date "2011.09.11"]
[Round "1.4"]
[White "Just, Joachim"]
[Black "Oechslein, Rainer"]
[Result "1/2-1/2"]
[WhiteElo "1894"]
[BlackElo "2110"]
[PlyCount "111"]
[EventDate "2011.??.??"]
[WhiteTeam "Sachsen Anhalt 2"]
[BlackTeam "Bayern 1"]

1. g3 c5 2. c4 Nc6 3. Nc3 g6 4. Bg2 Bg7 5. Nf3 e6 6. O-O Nge7 7. d3 O-O 8. Bd2
b6 9. Rb1 Bb7 10. a3 d6 11. b4 Qd7 12. b5 Nd4 13. e3 Nxf3+ 14. Bxf3 Bxf3 15.
Qxf3 d5 16. cxd5 Rad8 17. Rfd1 Nxd5 18. Ne4 f5 19. Ng5 h6 20. Nh3 g5 21. Qe2
Nc7 22. d4 cxd4 23. exd4 Bxd4 24. Bb4 Rf7 25. Qh5 Rh7 26. a4 Qe8 27. Qe2 Rhd7
28. Kg2 e5 29. Qc4+ Qe6 30. Qe2 e4 31. Rbc1 Be5 32. Rxd7 Rxd7 33. Rc6 Qb3 34.
Qc4+ Qxc4 35. Rxc4 Rd4 36. Rxd4 Bxd4 37. Bd6 Nd5 38. Ng1 Nc3 39. Bb8 Kf7 40.
Bxa7 Nxa4 41. Ne2 Be5 42. f4 exf3+ 43. Kxf3 Ke6 44. g4 f4 45. h4 gxh4 46. Nxf4+
Kd7 47. Ng6 Bf6 48. Bb8 Nc3 49. Bf4 Bg5 50. Ne5+ Ke6 51. Nc4 Nd5 52. Bh2 Bd8
53. Bf4 Nxf4 54. Kxf4 Bc7+ 55. Kf3 Kd5 56. Nxb6+ 1/2-1/2

[Event "Niedersachsen 1-Bayern 2"]
[Site "Gladenbach"]
[Date "2011.09.11"]
[Round "1.1"]
[White "Fischer, Gerd"]
[Black "Clemens, Christian"]
[Result "1/2-1/2"]
[WhiteElo "2039"]
[BlackElo "2241"]
[PlyCount "86"]
[EventDate "2011.??.??"]
[WhiteTeam "Bayern 2"]
[BlackTeam "Niedersachsen 1"]

1. e4 Nf6 2. e5 Nd5 3. d4 d6 4. c4 Nb6 5. exd6 cxd6 6. Nc3 g6 7. Be3 Bg7 8. Rc1
O-O 9. Be2 d5 10. c5 Nc4 11. Bxc4 dxc4 12. Nge2 Bf5 13. O-O Nc6 14. b3 Bd3 15.
bxc4 Bxc4 16. Qa4 Bxe2 17. Nxe2 e6 18. Rfd1 Qd7 19. Rd2 Rfd8 20. Rcd1 Ne7 21.
Qb3 Nd5 22. Bg5 Bf6 23. Bxf6 Nxf6 24. Nc3 Qc6 25. d5 exd5 26. Nxd5 Nxd5 27.
Rxd5 Rxd5 28. Rxd5 Re8 29. h3 Re1+ 30. Kh2 Qf6 31. Kg3 Re2 32. f3 h5 33. h4 Qb2
34. Qxb2 Rxb2 35. Rd7 a6 36. a3 Kg7 37. Kf4 Kf6 38. g4 Rb5 39. Rd6+ Kg7 40. c6
bxc6 41. Rxc6 Ra5 42. Rc3 Ra4+ 43. Kg3 f5 {Rest nicht mehr lesbar} 1/2-1/2